000 00464nam a2200181Ia 4500
001 23971
005 20260414151012.0
008 260414t1947||||xx |||||||||||||| ||spa||
041 _aESP
082 _a728
_bN38
100 _aNelson, George,
_eAUT
245 0 _aLa vivienda del mañana :
_bomo planear ahora su hogar para la postguerra
260 _c1947
300 _a223 páginas :
_c29 cm.
650 _aABD
654 _aCAU
942 _cLIB
_dJUS
_fJUS
_2ddc
_n
999 _c23971
_d23971